|
|
|
|
| LEADER |
00000nam0a2200000 4500 |
| 001 |
670462 |
| 005 |
20240415111021.0 |
| 090 |
|
|
|a 670462
|
| 100 |
|
|
|a 20240131d1987 km|y0rusy50 ca
|
| 101 |
0 |
|
|a rus
|
| 102 |
|
|
|a RU
|
| 105 |
|
|
|a a z 001yy
|
| 181 |
|
0 |
|a i
|b e
|
| 182 |
|
0 |
|a n
|
| 183 |
|
0 |
|a nc
|2 RDAcarrier
|
| 200 |
1 |
|
|a Язычество древней Руси
|f Б. А. Рыбаков
|g Институт археологии АН СССР
|
| 203 |
|
|
|a Текст
|b визуальный
|c непосредственный
|
| 210 |
|
|
|a Москва
|c Наука
|d 1987
|
| 215 |
|
|
|a 784 с.
|c ил.
|
| 283 |
|
|
|a volume
|2 RDAcarrier
|
| 320 |
|
|
|a Библиография в тексте
|
| 330 |
|
|
|a Книга — продолжение монографии Б. А. Рыбакова "Язычество древних славян", вышедшей в 1981 г. Она посвящена роли древней языческой религии в государственной и народной жизни Киевской Руси до принятия христианства. Автор показывает высокий уровень языческих воззрений и обрядов накануне крещения Руси, их проявление в общественной жизни, в прикладном искусстве, в церковных обрядах. Для историков, искусствоведов, широкого круга читателей.
|
| 606 |
1 |
|
|a Язычество
|9 46749
|
| 610 |
1 |
|
|a история
|
| 610 |
1 |
|
|a Древняя Русь
|
| 610 |
1 |
|
|a язычники
|
| 610 |
1 |
|
|a погребальная обрядность
|
| 610 |
1 |
|
|a святилища
|
| 610 |
1 |
|
|a идолы
|
| 610 |
1 |
|
|a христианство
|
| 610 |
1 |
|
|a языческое мировоззрения
|
| 610 |
1 |
|
|a языческие обряды
|
| 610 |
1 |
|
|a народные обереги
|
| 686 |
|
|
|2 rubbk
|a Э31
|
| 700 |
|
1 |
|a Рыбаков
|b Б. А.
|g Борис Александрович
|
| 712 |
0 |
2 |
|a Академия наук СССР
|b Институт археологии
|c (Ленинград/Москва)
|c (1957-1991)
|4 570
|9 25776
|
| 801 |
|
0 |
|a RU
|b 63413507
|c 20240131
|
| 942 |
|
|
|c BK
|